Clinical obstetrics (Record no. 29294)

MARC details
000 -LEADER
fixed length control field 00288nam a2200121Ia 4500
082 ## - DEWEY DECIMAL CLASSIFICATION NUMBER
Item number MUD
100 ## - MAIN ENTRY--AUTHOR NAME
Personal name Krishnamenon, A C
245 #0 - TITLE STATEMENT
Title Clinical obstetrics
260 ## - PUBLICATION, DISTRIBUTION, ETC. (IMPRINT)
Place of publication Bombay
Name of publisher Orient Longman
Year of publication 1978
700 ## - ADDED ENTRY--PERSONAL NAME
Personal name Mudaliar
942 ## - ADDED ENTRY ELEMENTS (KOHA)
Koha item type Books
Holdings
Withdrawn status Lost status Damaged status Not for loan Home library Current library Date acquired Full call number Accession Number Koha item type
        RRII Library RRII Library 16/12/2021 MUD 09883 Books